Представление документа в формате RUSMARC

ПолеНазваниеЗначение
  Тип записи a
  Библиографический уровень m
001 Контрольный номер UONB/MAIN/e06ca6f9765047af98e35f5d2f9e7532
005 Дата корректировки 20260410151744.4
010 Индекс ISBN __
b Уточнения в пер.
9 Тираж 25000 экз.
100 Данные общей обработки __
a Данные общей обработки 20260410d1951 u y0rusy0189## ca
101 Язык документа 0_
a Язык текста rus
102 Страна публикации __
a Страна публикации RU
105 Кодированные данные (монография) __
a Кодированные данные (монография) a z 001yy
200 Заглавие и сведения об ответственности 1_
a Заглавие Луговодство
f Первые сведения об ответственности Л. А. Чугунов
203 Вид содержания и тип средства __
a Вид содержания Текст
b Характеристика содержания визуальный
c Тип средства непосредственный
205 Сведения об издании __
a Основные сведения об издании 2-е, перераб. изд.
210 Выходные данные 1_
a Место издания Москва
a Место издания Ленинград
c Издательство Сельхозгиз
d Дата издания 1951
215 Физическое описание __
a Объем 431 с.
c Иллюстрации/тип воспроизводства ил.
d Формат 23 см
320 Библиография __
a Библиография Библиогр.: с. 415-421
606 Тематические рубрики 0_
a Основная рубрика Луговодство
610 Ключевые слова 0_
a Ключевые слова луговодство; создание искусственных лугов; создание искусственных пастбищ; искусственные луга; искусственные пастбища
686 Индексы других классификаций __
a Классификационный индекс 45.451
2 Код системы rubbk
700 Автор _1
a Фамилия Чугунов
b Имя (инициалы) Л. А.
g Полное личное имя Леонид Александрович
801 Источник записи _0
a Страна RU
b Организация Ульяновская ОНБ
c Дата составления 20260410
g Правила каталогизации RCR
801 Источник записи _1
a Страна RU
b Организация Ульяновская ОНБ
c Дата составления 20260410
g Правила каталогизации RCR
901 Тип документа __
t Тип документа m
909 Создатель записи __
a Создатель записи Полковникова
b Дата создания записи 20260410